| 000 | 00663nam a22002172 4500 | ||
|---|---|---|---|
| 001 | 0000018416 | ||
| 005 | 20151217155220.0 | ||
| 008 | 091028s xx 000 0 eng d | ||
| 020 | _a0072875062 : | ||
| 040 |
_aKABU _cKABU |
||
| 100 | 1 |
_aSaladin, Kenneth S. _@0000177660 |
|
| 245 | 1 | 0 |
_aAnatomy & physiology : _bthe unity of form and function / _cKenneth S. Saladin. |
| 250 | _a4th ed. | ||
| 260 |
_aNew York : _bMcGraw-Hill, _c2007. |
||
| 300 | _axxxi, 1140 p. | ||
| 650 | 0 |
_aHuman physiology. _@0000155597 |
|
| 650 | 0 |
_aHuman anatomy. _@0000155598 |
|
| 852 | 1 | _9p3250 KES | |
| 908 | _a091028 | ||
| 950 | _@1 | ||
| 999 |
_c12060 _d12060 |
||